[Event "Open de Sevilla 2012"]
[Site "?"]
[Date "2012.01.11"]
[Round "5"]
[White "Castilla Leon Salas, Carlos"]
[Black "Zozulia, Anna"]
[Result "0-1"]
[WhiteElo "2126"]
[BlackElo "2357"]
[Annotator "Montecatine,R"]
[PlyCount "90"]
[EventDate "2012.01.11"]
[SourceDate "2012.01.07"]

1. d4 g6 2. c4 Bg7 3. Nc3 d6 4. e4 Nc6 5. Be3 e5 6. d5 Nce7 7. g4 h5 8. g5 $16
h4 9. c5 dxc5 10. Bxc5 f6 11. Qb3 b6 12. Ba3 Bd7 13. O-O-O Nc8 14. d6 $18 Nxd6
15. f4 fxg5 16. fxe5 $2 (16. Bxd6 cxd6 17. Rxd6 $18) 16... Bxe5 17. Nf3 g4 18.
Nxe5 Qg5+ 19. Kb1 Qxe5 $11 20. Nd5 Nxe4 21. Nxc7+ Qxc7 22. Qd5 {Diagrama #} Rc8
$2 (22... Ngf6) 23. Qxe4+ (23. Bc4 $18) 23... Kf7 24. Bd3 $2 (24. Bc4+ $18)
24... Bf5 25. Qd5+ Kg7 26. Bxf5 Nf6 27. Qd2 $2 (27. Qd7+ Nxd7 28. Rxd7+ Qxd7
29. Bxd7 $16) 27... gxf5 28. Qg5+ Kf7 29. Qxf5 $2 (29. Rd6) 29... Rh5 $17 30.
Qf2 (30. Qf1) 30... g3 $19 31. hxg3 hxg3 32. Qe2 Qe5 33. Qf3 Rxh1 34. Rxh1 Qe4+
35. Qxe4 Nxe4 36. Bb4 Kg6 37. Be1 Kf5 38. Bxg3 Nxg3 39. Rh7 a5 40. Rh6 Ne4 41.
a3 Nf6 42. Rh4 Ke5 43. Ra4 Ne4 44. Ka1 Rc1+ 45. Ka2 Kd5 0-1

[Event "Open de Sevilla 2012"]
[Site "?"]
[Date "2012.01.11"]
[Round "5"]
[White "Rzayev, Bahruz"]
[Black "Morales Araujo, Francisco Javier"]
[Result "0-1"]
[WhiteElo "2308"]
[BlackElo "2112"]
[Annotator "Montecatine,R"]
[PlyCount "112"]
[EventDate "2012.01.11"]
[SourceDate "2012.01.07"]

1. e4 e6 2. b3 d5 3. Bb2 dxe4 4. Nc3 f5 5. f3 Bd6 6. g3 exf3 7. Nxf3 Nf6 8. Bc4
O-O 9. Qe2 Re8 10. O-O-O c6 11. Rhg1 (11. Nd4) 11... b5 $17 12. Bd3 e5 13. Ng5
h6 {Diagrama #} 14. h4 hxg5 15. hxg5 Ng4 $19 16. Ne4 fxe4 17. Qxe4 Qxg5 18.
Rdf1 Nf6 (18... g6) 19. Rxf6 gxf6 20. Qh7+ Kf8 21. Bg6 Be6 22. Bxe8 Qg7 23. Qd3
Bc5 24. Bh5 Na6 25. Rf1 Nb4 26. Qe2 Kg8 27. a3 Nd5 28. Bf3 Rd8 29. Kb1 Ne7 30.
d3 Bd4 31. Bc1 Nd5 32. Bxd5 Bxd5 33. Qh5 Bf7 34. Qh4 Rd6 35. Bh6 Qg6 36. Rh1
Bd5 37. Rh3 Rd7 38. Bg5 Rh7 39. Qxh7+ Qxh7 40. Rxh7 Kxh7 41. Bxf6 Kg6 42. Bd8
Bc3 43. g4 Bf3 44. g5 Bd2 45. Bc7 Bf4 46. d4 Kxg5 47. dxe5 Kf5 48. Bb8 a6 49.
Ka2 Bxe5 50. Ba7 Bc3 51. a4 b4 52. Be3 Ke4 53. Bh6 Bg4 54. Bf8 Bf3 55. Bc5 Be2
56. Kb1 Bd1 0-1

[Event "Open de Sevilla 2012"]
[Site "?"]
[Date "2012.01.11"]
[Round "5"]
[White "Sengupta, Deep"]
[Black "Herraiz Hidalgo, Herminio"]
[Result "1/2-1/2"]
[WhiteElo "2562"]
[BlackElo "2469"]
[Annotator "Montecatine,R"]
[PlyCount "200"]
[EventDate "2012.01.11"]
[SourceDate "2012.01.07"]

1. e4 c5 2. Nf3 g6 3. d4 cxd4 4. Nxd4 Nc6 5. Nc3 Bg7 6. Be3 Nf6 7. Bc4 O-O 8.
Bb3 a5 9. O-O Nxd4 10. Bxd4 d6 11. Re1 Bd7 12. Nd5 Nxd5 13. Bxg7 Kxg7 14. exd5
$14 b5 15. a3 Rb8 16. c3 Rb7 17. Qd4+ f6 18. Re3 Rf7 19. Rae1 Bc8 (19... Bf5)
20. h4 Kg8 21. Bc2 Qf8 22. b4 axb4 23. axb4 f5 24. f4 Qg7 25. Qxg7+ Kxg7 26.
Ra1 Rc7 27. Ra5 Bd7 28. Bb3 Be8 29. Kf2 Rf8 30. Ke2 Kf7 31. Kd2 Bd7 32. Bd1 h5
33. Be2 Rb8 34. Bd3 Ke8 35. Bf1 Kd8 36. Kd3 Be8 37. Kd4 Bd7 38. Re1 Rcb7 39. g3
{Diagrama #} Be8 40. Rea1 Kc7 41. Bd3 Bd7 42. Ra6 Rb6 43. R6a2 R6b7 44. Ra5 Rb6
45. Ke3 R6b7 46. Bf1 Be8 47. Kd3 Bf7 48. Bg2 Be8 49. Kc2 Bd7 50. Kb3 Be8 51.
Bf3 Bd7 52. Ra6 Rb6 53. Be2 Rxa6 54. Rxa6 Kb7 55. Ra5 Kb6 56. c4 Re8 57. cxb5
Bc8 58. Ra8 {Diagrama #} e5 59. fxe5 Rxe5 60. Rxc8 Rxe2 61. Rb8+ Kc7 62. Rg8
Kb6 (62... Re3+ 63. Ka4 Rxg3 64. Rg7+ Kb6 65. Rd7 Rg2 66. Rxd6+ Kb7 67. Re6 $16
) 63. Rxg6 Kxb5 64. Kc3 (64. Rxd6 Re3+ 65. Kc2 Rxg3 66. Rh6 Kxb4 67. Rxh5 Kc4
$11) 64... Re3+ 65. Kd4 Re4+ 66. Kd3 Kxb4 67. Rxd6 Kc5 68. Rf6 Kxd5 69. Rxf5+
Re5 70. Rf8 Ke6 71. Kd4 Rf5 72. Rg8 Kf6 73. Ke4 Re5+ 74. Kf3 Rf5+ 75. Kg2 Ra5
76. Rf8+ Kg6 77. Rf2 Ra6 78. Rc2 Rf6 79. Rc4 Ra6 80. Kf3 Rf6+ 81. Ke3 Re6+ 82.
Re4 Ra6 83. Re5 Ra3+ 84. Kf4 Ra4+ 85. Re4 Ra6 86. Rc4 Rb6 87. Rd4 Ra6 88. Ke5
Ra5+ 89. Ke4 Ra6 90. Rd8 Ra4+ 91. Ke5 Ra5+ 92. Ke6 Ra6+ 93. Kd5 Ra5+ 94. Kc6
Ra6+ 95. Kb5 Ra3 96. Kb4 Re3 97. Kc4 Ra3 98. Kc5 Kh7 99. Rd7+ Kh6 100. Rd6+ Kh7
1/2-1/2

[Event "Open de Sevilla 2012"]
[Site "?"]
[Date "2012.01.11"]
[Round "5"]
[White "Mirzoev, Azer"]
[Black "Barrero Garcia, Carlos"]
[Result "1-0"]
[WhiteElo "2523"]
[BlackElo "2370"]
[Annotator "Montecatine,R"]
[PlyCount "153"]
[EventDate "2012.01.11"]
[SourceDate "2012.01.07"]

1. c4 g6 2. Nc3 Bg7 3. b4 Nf6 4. Bb2 O-O 5. Nf3 d5 6. Nxd5 Nxd5 7. Bxg7 Kxg7 8.
cxd5 Qxd5 9. e3 Bg4 10. h3 Bxf3 11. Qxf3 Qd6 12. a3 Rd8 13. d4 a5 14. b5 Nd7
15. Bc4 e6 16. O-O c5 17. bxc6 bxc6 18. Rfd1 c5 (18... Nf6) 19. dxc5 Qc7 (19...
Qxc5 20. Rxd7 Rxd7 21. Qxa8 Qxc4 22. Qxa5 Qc2 $14) 20. c6 Ne5 21. Qf4 Rdc8 22.
Rac1 $16 Nxc6 23. Qxc7 (23. Rd6) 23... Rxc7 24. Bf1 Raa7 25. Rc5 Ne7 26. Rdc1
Rxc5 27. Rxc5 Kf6 28. g4 g5 29. Bg2 h6 30. Be4 Ng6 31. a4 Ne5 32. Kg2 Nd7 33.
Rb5 Ke7 34. h4 {Diagrama #} gxh4 (34... Kd6 35. hxg5 hxg5 36. Rxg5 Nc5 37. Bc2
Rb7 $11) 35. Kh3 Kf6 (35... Kd6) 36. Kxh4 $16 Ne5 37. Kg3 Nc4 38. Bd3 Nd6 39.
Rh5 Kg7 40. Kf3 f6 41. Rc5 Nf7 42. Bc2 Ne5+ 43. Kg3 Nd7 44. Rc6 Nf8 45. Bd3 Kf7
46. Bc4 Ke7 47. Rc5 Kf7 48. f4 Kg7 49. Kf3 Nd7 50. Rc6 e5 51. Bb5 exf4 52. exf4
Nf8 53. Rd6 Ng6 54. Rd5 Rc7 55. Rd7+ Rxd7 56. Bxd7 Kf7 57. Ke4 Ke7 58. Bb5 Nh4
59. f5 Ng2 60. Bf1 Ne1 61. Kd5 Nf3 62. Be2 Ne5 (62... Ng5 63. Kc5 $18) 63. Kc5
$18 Kd7 64. Kb5 Nc6 65. Kb6 Kd6 66. Bb5 Ne5 67. Kxa5 Nxg4 68. Kb6 Ne3 69. Be2
Nxf5 70. a5 Ng7 71. a6 Ne6 72. a7 Nc7 73. Bg4 Nd5+ 74. Kb7 Nc7 75. Bf5 h5 76.
Bh3 h4 77. Bg4 1-0

[Event "Open de Sevilla 2012"]
[Site "?"]
[Date "2012.01.11"]
[Round "5"]
[White "Svetushkin, Dmitry"]
[Black "Lasinskas, Povilas"]
[Result "1/2-1/2"]
[WhiteElo "2598"]
[BlackElo "2138"]
[Annotator "Montecatine,R"]
[PlyCount "78"]
[EventDate "2012.01.11"]
[SourceDate "2012.01.07"]

1. d4 Nf6 2. c4 g6 3. Nc3 d5 4. cxd5 Nxd5 5. Bd2 Nxc3 6. Bxc3 Bg7 7. e4 c5 8.
d5 Bxc3+ 9. bxc3 O-O 10. Be2 Qd6 11. Nf3 Nd7 12. O-O Ne5 13. Nd2 g5 14. Nc4
Nxc4 15. Bxc4 Kh8 16. Qd2 Rg8 17. Rae1 e5 18. Be2 Bd7 19. Rb1 b6 20. Bb5 Bg4 (
20... Bxb5 21. Rxb5 a6 22. Rb3 Rg6) 21. a4 Raf8 22. a5 $16 f5 23. axb6 axb6 24.
Bc6 Qc7 (24... f4) 25. f3 $18 Bh5 26. exf5 g4 27. Qh6 (27. fxg4 Bxg4 28. Qd3
$18) 27... gxf3 28. Qxh5 Rxg2+ 29. Kh1 e4 {Diagrama #} 30. Rg1 $2 (30. Qh6 $18)
30... Qf4 $2 (30... Rxg1+ 31. Rxg1 f2 32. Ra1 e3 $16) 31. Rxg2 fxg2+ 32. Kxg2
$2 (32. Kg1 e3 33. Qe2 Rxf5 34. h3 $16) 32... Rxf5 $2 (32... e3 33. d6 Qf2+ 34.
Kh1 e2 $19) 33. Qe2 (33. Qd1 $11) 33... e3 $17 34. d6 Qxd6 35. Bf3 $2 (35. Qxe3
Qxc6+ 36. Kg1 $17) 35... Qg6+ $19 36. Kh3 {Diagrama #} (36. Kh1 Rxf3) 36...
Qh6+ $2 (36... Rg5 $19) 37. Kg2 Qg6+ 38. Kh3 Qh6+ $2 39. Kg2 Qg6+ $2 1/2-1/2

[Event "Open de Sevilla 2012"]
[Site "?"]
[Date "2012.01.11"]
[Round "5"]
[White "Rizouk, Aimen"]
[Black "Gallardo Fernandez, Cesar"]
[Result "1-0"]
[WhiteElo "2539"]
[BlackElo "2209"]
[Annotator "Montecatine,R"]
[PlyCount "87"]
[EventDate "2012.01.11"]
[SourceDate "2012.01.07"]

1. e4 e5 2. Nf3 Nc6 3. Bc4 Nf6 4. d3 Be7 5. O-O O-O 6. Bb3 d6 7. c3 b5 8. Re1
Na5 9. Bc2 c5 10. Nbd2 Bb7 11. Nf1 Re8 12. Ng3 g6 13. d4 cxd4 14. cxd4 Nc6 15.
d5 Nb8 16. Bd3 a6 17. b4 Nbd7 18. Nd2 a5 19. bxa5 Qxa5 20. Nb3 Qa4 21. Bc2 Qa6
22. Bd2 Rec8 23. Bb4 Nc5 24. Qe2 Qb6 25. Reb1 Na4 26. Bd3 Nc3 27. Bxc3 Rxc3 28.
Bxb5 h5 29. a4 h4 30. Nf1 {Diagrama #} Nh5 (30... h3) 31. a5 $16 Qa7 (31... Qc7
) 32. a6 $18 Bc8 33. Qd2 Qc7 34. Bc6 (34. a7 Bd8 35. Ne3 $18) 34... Rxc6 35.
dxc6 Qxc6 36. Ne3 Qxe4 37. Qd5 Nf6 38. Qxe4 Nxe4 39. Nd5 Bd8 40. f3 Ng5 41. Nd2
Rxa6 42. Rxa6 Bxa6 43. Rb8 Ne6 44. Ne4 1-0

[Event "Open de Sevilla 2012"]
[Site "?"]
[Date "2012.01.11"]
[Round "5"]
[White "Ponce Lopez , Miguel"]
[Black "Razmyslov, Alexander"]
[Result "0-1"]
[WhiteElo "2134"]
[BlackElo "2438"]
[Annotator "Montecatine,R"]
[PlyCount "226"]
[EventDate "2012.01.11"]
[SourceDate "2012.01.07"]

1. e4 e6 2. d4 d5 3. Nc3 Bb4 4. e5 b6 5. a3 Bf8 6. f4 Qd7 7. Nf3 Nh6 8. b4 c5
9. Bb5 Nc6 10. bxc5 bxc5 11. dxc5 Bxc5 12. Na4 Be7 13. O-O O-O 14. Nd4 Bb7 15.
c4 (15. Rf3) 15... Rfd8 16. c5 Qc7 17. Be3 Nxd4 18. Bxd4 Bc6 $15 19. Rb1 (19.
Bd3) 19... Rab8 20. Qd3 (20. Bxc6 Rxb1 21. Qxb1 Qxc6 22. Qc2 $17) 20... Nf5 21.
Bf2 $6 (21. Bxc6 Qxc6 22. g4) 21... h5 (21... d4 $19 22. Bxc6 Qxc6 23. Qc4 (23.
g4 $2 Rxb1 24. Rxb1 Ne3 25. Bxe3 dxe3 26. Qxe3 Qxa4) 23... Rxb1 24. Rxb1 Ne3)
22. Nc3 $17 Bxc5 $6 (22... Ba8) 23. Bxc5 Bxb5 24. Rxb5 Rxb5 25. Qxb5 Rb8 26.
Bd6 Rxb5 27. Bxc7 Rc5 28. Nxd5 Rxd5 29. g3 (29. Bb8 a5 30. Ba7) 29... Rd3 30.
Ra1 (30. a4 h4) 30... h4 31. gxh4 Nxh4 32. Bd6 Rd2 33. Rf1 Rg2+ 34. Kh1 Rc2 35.
Kg1 Nf5 36. Rd1 Kh7 37. Rd3 Kg6 38. Bb4 Kh5 39. h3 Rc4 40. Bd2 a6 41. Kg2 Rd4 (
41... Rc2) 42. Rxd4 Nxd4 43. Be3 Nc2 44. Bc5 Kg6 45. Kg3 Kf5 46. h4 g6 {
Diagrama #} 47. Bf8 Nd4 48. Bh6 a5 49. Bg5 a4 50. Bh6 Nc2 51. Bf8 Ne1 52. Bh6
Nc2 53. Bf8 Ne3 54. Kf3 Nd5 55. Bh6 Nb6 56. Bf8 Nd5 57. Bh6 Nb4 58. Bf8 Nd3 59.
Bh6 Ne1+ 60. Kg3 Nc2 61. Bf8 Nd4 62. Bh6 Nc2 63. Bf8 Ne1 64. Bh6 Nc2 65. Bf8
Nd4 66. Bh6 Ke4 67. Kg4 Nc2 68. Bf8 Ne1 69. Bh6 Ng2 70. Kg3 Ne3 71. Bg5 Nc2 72.
Be7 Nd4 73. Kg4 Ne2 74. Bg5 Ng1 75. Bh6 Nf3 76. Bf8 Ne1 77. Bh6 Ng2 78. Bg5
Ne3+ 79. Kg3 Nd5 80. Kg4 Kd3 81. Bh6 Ke2 82. Bf8 Ke3 83. Bh6 Ke4 84. Bg5 Ne3+
85. Kg3 Nc4 86. Be7 Ne3 87. Bg5 Kd3 88. Kf3 Nd5 89. Bh6 Kd4 90. Bf8 Ne3 91. Bd6
Nf5 92. Kg4 Kd5 93. Bf8 Ke4 {Diagrama #} 94. Kg5 Ng3 95. Kf6 Nh5+ 96. Kxf7 Kf5
97. Bh6 Ng3 98. Bg5 Ne2 99. Be7 (99. Kg7) 99... Nxf4 100. Bf6 Nd5 101. Kg7 Nb6
102. Be7 Nc4 103. Bd6 Nd2 {Diagrama #} 104. Kh6 $2 (104. Be7 Nf3 105. Bf6 g5
106. h5 g4 107. Bd8 $11) 104... Nf3 $19 105. h5 gxh5 106. Kxh5 Nxe5 107. Kh4
Nc4 108. Bb4 Kf4 109. Kh3 Kf3 110. Kh2 e5 111. Kg1 e4 112. Kf1 Ne3+ 113. Kg1
Nc2 0-1

[Event "Open de Sevilla 2012"]
[Site "?"]
[Date "2012.01.11"]
[Round "5"]
[White "Carrabeo Garcia, Manuel"]
[Black "Torres Ventosa, Pedro Eugenio"]
[Result "1/2-1/2"]
[WhiteElo "2123"]
[BlackElo "2324"]
[Annotator "Montecatine,R"]
[PlyCount "123"]
[EventDate "2012.01.11"]
[SourceDate "2012.01.07"]

1. d4 Nf6 2. Nf3 g6 3. Nc3 d5 4. Bf4 Bg7 5. e3 O-O 6. Be2 a6 7. Ne5 Nbd7 8. O-O
c5 9. Bf3 cxd4 10. exd4 e6 11. Re1 Nxe5 12. dxe5 Nd7 13. h3 Qb6 14. Rb1 Qc5 15.
Qd2 Nb6 16. b3 Bd7 17. Ne2 Rac8 18. Nd4 Qa3 19. Bh6 Be8 20. Bxg7 Kxg7 21. Qf4
Nd7 (21... Kg8) 22. c4 $14 dxc4 23. bxc4 (23. Bxb7 Rb8 24. Bf3 Nc5 $14) 23...
Qc3 24. Rec1 Qa5 25. Rxb7 Kg8 26. Nc6 Qc5 {Diagrama #} 27. Nd4 $2 (27. Qe4 $16)
27... Nxe5 $11 28. Nb3 Nxf3+ 29. Qxf3 Qg5 30. Rb6 a5 31. Qe3 Qxe3 32. fxe3 a4
33. Nd4 Rc5 34. Rb7 e5 35. Nb5 Bxb5 36. Rxb5 Rxb5 37. cxb5 Rb8 38. Rc4 Rxb5 39.
Rxa4 Rb2 40. Kf1 Kg7 41. Ra6 f5 42. a4 Ra2 43. Ra7+ Kf6 44. h4 Ke6 45. Rxh7
Rxa4 46. Rh6 Kd5 47. Rxg6 Rxh4 48. Kf2 Ra4 49. Kf3 Ra2 50. Rg8 e4+ 51. Kf4 Rf2+
52. Kg3 Rf1 53. Rd8+ Kc4 54. Rd4+ Kc3 55. Rd8 Kc2 56. Rd5 Kb3 57. Rc5 Kb2 58.
Rc8 Kb3 59. Rc7 Kb4 60. Rc8 Kb3 61. Rc7 Kb2 62. Rc5 1/2-1/2

[Event "XXXVII Abierto Internacional "]
[Site "Sevilla (SPAIN)"]
[Date "2012.??.??"]
[Round "6"]
[White "Razmyslov, Alexander"]
[Black "Morais, Vitor"]
[Result "1-0"]
[WhiteElo "2438"]
[BlackElo "2015"]
[Annotator "Montecatine,R"]
[PlyCount "61"]
[EventDate "2012.01.07"]
[SourceDate "2012.01.07"]

1. d4 Nf6 2. Nf3 g6 3. c4 Bg7 4. g3 O-O 5. Bg2 d6 6. O-O Nc6 7. Nc3 e5 8. d5
Ne7 9. e4 h6 10. Ne1 Nd7 11. Nd3 f5 12. f4 Kh7 (12... fxe4 13. Nxe4 Nf5 14. Kh1
Kh7 15. Bd2 exf4 16. Bxf4 b6 17. Qc2 Nd4 18. Qd2 Nc5 19. Rae1 Bf5 20. Ndf2 Bxe4
21. Nxe4 Nf5 22. b4 Nd7 23. c5 Ne5 24. Rc1 Qe7 25. Rfe1 Rae8 26. cxb6 cxb6 27.
Nf2 Qd7 28. Nd3 Nd4 29. Bxe5 dxe5 30. Nf2 Rc8 31. Rxc8 Rxc8 32. Be4 Qf7 33. Kg2
Kh8 34. Rc1 Rxc1 35. Qxc1 Bf8 36. a3 h5 37. Qc8 Kg7 38. Nd3 Bd6 39. Nf2 Qc7 40.
Qe8 Qe7 41. Qc8 Qc7 42. Qa6 Be7 43. Nd1 Qd7 44. Qd3 Qd6 {
1/2-1/2 (44) Smejkal,J-Kupka,S/Havirov 1970}) (12... exf4 13. Bxf4 g5 14. Bd2
b6 15. Qe2 Nc5 16. e5 Nxd3 17. exd6 Qxd6 18. Qxd3 Ba6 19. b3 c6 20. Rae1 Rad8
21. Qe3 Bf6 22. Kh1 Bc8 23. Rd1 cxd5 24. Nxd5 Nxd5 25. cxd5 Rfe8 26. Qd3 Re7
27. Rfe1 Rde8 28. Rxe7 Rxe7 29. Rc1 Bd7 30. Qc4 a5 31. b4 Re8 32. bxa5 Rc8 33.
Qf1 Rb8 34. Qe1 bxa5 35. Bxa5 Qa3 36. Bc3 Re8 37. Qd2 Bxc3 38. Rxc3 Qb4 39. h3
Qb1+ 40. Kh2 Ra8 41. d6 Kf8 42. Qd4 Rxa2 43. Qf6+ {
1-0 (43) Hoffmann,A (2372)-Rasik,V (2423)/Germany 2001}) 13. Kh1 a5 14. Be3 b6
15. fxe5 Nxe5 16. Nxe5 Bxe5 17. Qd2 {Diagrama #} Ng8 $6 (17... g5) (17... Bg7)
18. Nb5 $16 Bd7 19. exf5 Bxf5 (19... Rxf5 20. Rae1 $16) 20. Nd4 Bxd4 21. Bxd4
Qd7 22. Bc3 Rae8 23. Qd4 Nf6 24. Rae1 h5 (24... Re7 25. h3 $16) 25. Rxe8 Qxe8
26. h3 Rf7 27. Qh4 $18 Nd7 (27... Ne4 28. g4 Qe7 29. Qxe7 Rxe7 30. gxf5 Ng3+
31. Kg1 Nxf1 32. f6 Re8 33. Kxf1 $18) 28. g4 Bd3 29. Re1 Be2 $2 (29... Qg8 30.
Re7 $18 (30. gxh5 g5 31. Qg4 $18)) (29... Qf8 30. gxh5 $18) 30. gxh5 $18 gxh5
31. Be4+ 1-0

[Event "XXXVII Abierto Internacional "]
[Site "Sevilla (SPAIN)"]
[Date "2012.??.??"]
[Round "6"]
[White "Barrenechea Bahamonde, Gustavo"]
[Black "Svetushkin, Dmitry"]
[Result "0-1"]
[WhiteElo "2228"]
[BlackElo "2598"]
[Annotator "Montecatine,R"]
[PlyCount "48"]
[EventDate "2012.01.07"]
[SourceDate "2012.01.07"]

1. e4 c6 2. Nc3 d5 3. Nf3 Bg4 4. h3 Bxf3 5. Qxf3 Nf6 6. d3 e6 7. Be2 Nbd7 8.
Qg3 Qb8 (8... g6 9. O-O Bg7 10. a4) 9. Bf4 e5 10. Bd2 dxe4 11. dxe4 (11. Nxe4
$5) 11... Nc5 (11... Bc5 12. O-O O-O 13. Rad1 Qc7 14. a3 Bd4 15. Bh6 Ne8 16.
Bxg7 Nxg7 17. Rxd4 Nc5 18. Rfd1 Qe7 19. R4d2 Kh8 20. b4 Nce6 21. Qxe5 f6 22.
Qd6 Qe8 23. Bc4 Ng5 24. f3 Qg6 25. Kh1 Qh6 26. Qh2 Qh4 27. Ne2 f5 28. e5 f4 29.
Rd4 Nh5 30. Rd7 Ng3+ 31. Kg1 b5 32. Bd3 Rg8 {
0-1 (32) Strikovic,A (2470)-Bagheri,A (2496)/Bastia 2004}) 12. Bd3 Qc7 13. O-O
Ne6 14. Be3 Nh5 15. Qh2 (15. Qg4 Nhf4 $11) (15. Qf3 Nhf4 $11) 15... Bc5 16.
Bxc5 (16. Bc4 Bxe3 17. fxe3 O-O 18. Rad1 $11 (18. Rf5 g6 19. Rxe5 Qb6 $15)) (
16. Rad1) 16... Nxc5 17. Be2 (17. Rad1) 17... Nf4 18. Bf3 O-O $15 19. Qg3 $6
Rad8 20. Kh1 (20. Rfd1 Qb6 $17) 20... Qb6 $17 21. Rab1 (21. Nd1) 21... Rd2 22.
Bd1 Nce6 23. Qf3 $2 (23. b3) 23... Rfd8 $19 24. Na4 $2 Qa6 0-1

[Event "XXXVII Abierto Internacional "]
[Site "Sevilla (SPAIN)"]
[Date "2012.??.??"]
[Round "6"]
[White "Estremera Panos, Sergio"]
[Black "Blanco Perez, David"]
[Result "1-0"]
[WhiteElo "2379"]
[BlackElo "2126"]
[Annotator "Montecatine,R"]
[PlyCount "49"]
[EventDate "2012.01.07"]
[SourceDate "2012.01.07"]

1. d4 Nc6 2. d5 Ne5 3. e4 e6 4. dxe6 fxe6 5. Nc3 Nf6 6. f4 Nf7 (6... Nc6) 7. e5
$16 Ng8 {Diagrama #} 8. Nf3 Bc5 9. Bd3 Ngh6 10. Qe2 Qe7 11. Bd2 d5 12. exd6
cxd6 13. O-O-O Bd7 14. Rhe1 O-O 15. Ne4 $18 Nd8 16. Nxc5 dxc5 17. Ng5 Nf5 18.
Nxh7 Rf7 19. Ng5 c4 20. Bxf5 Rxf5 21. Qh5 Nf7 22. Qh7+ Kf8 23. Qxf5 exf5 24.
Rxe7 Kxe7 25. Bb4+ 1-0

[Event "XXXVII Abierto Internacional "]
[Site "Sevilla (SPAIN)"]
[Date "2012.??.??"]
[Round "6"]
[White "Teske, Henrik"]
[Black "Paunovic, Dragan"]
[Result "1-0"]
[WhiteElo "2550"]
[BlackElo "2520"]
[Annotator "Montecatine,R"]
[PlyCount "81"]
[EventDate "2012.01.07"]
[SourceDate "2012.01.07"]

1. Nf3 Nf6 2. c4 g6 3. Nc3 Bg7 4. g3 O-O 5. Bg2 c6 6. O-O d5 7. cxd5 cxd5 8. d4
e6 9. Ne5 Nfd7 10. f4 Nc6 11. Be3 f6 12. Nd3 Nb6 13. Bf2 f5 14. e3 (14. Ne5 Bd7
15. a4 a5 16. Qb3 Nb4 17. Rfc1 Qe7 18. e3 Rfc8 19. Bf1 Bc6 20. Be1 Nd7 21. Qd1
Nxe5 22. dxe5 Bf8 23. Ne2 Bd7 24. Nd4 Rxc1 25. Rxc1 Rc8 26. Rxc8 Bxc8 27. Bc3
Qd8 28. g4 Bc5 29. gxf5 gxf5 30. Qf3 Qe7 31. Bb5 Qg7+ 32. Kf2 Bxd4 33. exd4 Bd7
34. Bxd7 Qxd7 35. Bxb4 axb4 36. Qh5 Kf8 37. Qh6+ Ke8 38. Qf6 Qe7 39. Qh8+ Kd7
40. Kg3 Kc7 41. Qf6 Qxf6 42. exf6 Kd7 43. Kh4 Ke8 44. Kg5 Kf7 45. b3 b6 46. h4
Kf8 47. h5 Kf7 48. h6 {
1/2-1/2 (48) Bocharov,D (2600)-Guseinov,G (2617)/Moscow 2008}) 14... Nc4 15.
Rc1 (15. h3 Kh8 16. b3 Nd6 17. Rc1 Bd7 18. g4 Rc8 19. Ne5 Qe7 20. Be1 Rfd8 21.
Rf2 Bf8 22. Bf3 Rc7 23. Bxd5 Nxe5 24. fxe5 exd5 25. exd6 Qxd6 26. Qf3 Bc6 27.
Rg2 {0-1 (27) Vih,A-Kokeza,M (2266)/Herceg Novi 2006}) 15... Nd6 16. Qe2 Ne4
17. Rc2 Bd7 18. Rfc1 b6 19. Be1 Rc8 20. Nxe4 dxe4 21. Nb4 Ne7 22. Qa6 Rxc2 23.
Rxc2 Qb8 24. Bf1 Nd5 (24... Rc8) 25. Nxd5 exd5 26. Bb4 $14 Rc8 27. Bd6 {
Diagrama #} Qxd6 (27... Qa8 28. Rxc8+ Bxc8 29. Qa4 Bb7 30. Qd7 Qc8 31. Qxc8+
Bxc8 32. a4 Bf6 33. Bb8 a6 34. Bc7 $16) 28. Rxc8+ Bxc8 29. Qxc8+ Bf8 30. a3 Kf7
31. Bb5 $16 a5 32. Kf2 h6 33. Bc6 Be7 34. Qb7 g5 35. Bxd5+ Kg7 36. Bc4 gxf4 37.
gxf4 Qf6 38. Ke2 Qh4 39. h3 Qh5+ 40. Kd2 Qh4 41. Qd5 1-0

[Event "XXXVII Abierto Internacional "]
[Site "Sevilla (SPAIN)"]
[Date "2012.??.??"]
[Round "6"]
[White "Pogorelov, Ruslan"]
[Black "Saric, Ante"]
[Result "0-1"]
[WhiteElo "2415"]
[BlackElo "2528"]
[Annotator "Montecatine,R"]
[PlyCount "86"]
[EventDate "2012.01.07"]
[SourceDate "2012.01.07"]

1. Nf3 c5 2. c4 Nf6 3. Nc3 Nc6 4. d4 cxd4 5. Nxd4 e6 6. a3 Bc5 7. Nb3 Be7 8. e4
O-O 9. Be2 b6 10. O-O Ba6 11. f4 d6 12. Be3 Rc8 13. Bd3 Nd7 14. Nb5 Nc5 15.
Nxc5 dxc5 16. e5 Bxb5 17. cxb5 Nd4 18. Rc1 Rc7 19. Qg4 g6 $11 20. Kh1 Rd7 21.
Be4 Qc7 22. a4 (22. Bxd4 Rxd4 23. Qe2 Rfd8 24. Rc2 $11) 22... Rfd8 $15 {
Diagrama #} 23. Rce1 (23. Rfd1 h5 24. Qh3 Ne2 25. Rxd7 Qxd7 26. Rf1 Qd1 27. Qf3
Qxa4 28. Bxg6 fxg6 29. Qxe2 $15) 23... c4 24. Bxd4 (24. Rc1) 24... Rxd4 25. Qf3
Qc5 $17 26. g4 $2 (26. Qc3) 26... Rd2 $19 27. Re2 Rxe2 28. Qxe2 Qb4 29. f5 Rd2
30. Qf3 Qxb2 31. Qf4 g5 32. Qg3 Qd4 33. Bg2 Rd3 34. Qe1 exf5 35. gxf5 Re3 36.
Qc1 Qxe5 37. Qxc4 Bd6 38. Qc8+ Kg7 39. f6+ Kh6 40. Kg1 Qxh2+ 41. Kf2 Qg3+ 42.
Kg1 Bc5 43. Kh1 Qh4+ 0-1

[Event "XXXVII Abierto Internacional "]
[Site "Sevilla (SPAIN)"]
[Date "2012.??.??"]
[Round "6"]
[White "Cornette, Matthieu"]
[Black "Van Der Weide, Karel"]
[Result "0-1"]
[WhiteElo "2545"]
[BlackElo "2445"]
[Annotator "Montecatine,R"]
[PlyCount "72"]
[EventDate "2012.01.07"]
[SourceDate "2012.01.07"]

1. e4 e6 2. d4 d5 3. Nd2 Nc6 4. Ngf3 Nf6 5. e5 Nd7 6. Bd3 f6 7. Ng5 Ndxe5 8.
dxe5 fxg5 9. Qh5+ g6 10. Bxg6+ Kd7 11. c4 Nxe5 12. Bc2 Qf6 13. O-O Bd6 14. b4
b6 (14... Ng6 15. Rb1 Nf4 16. Qd1 Qh6 17. g3 Qh3 18. gxf4 Bxf4 19. Nf3 g4 20.
Qd4 gxf3 21. Qg7+ Kc6 22. b5+ Kb6 23. c5+ Kxc5 24. Ba3+ Kb6 25. Qd4+ {
1-0 (25) Babaev,R (2488)-Barria Zuniga,D (2427)/Collado Villalba 2007}) 15. Bb2
Ba6 16. f4 (16. b5 Bb7 17. Rae1 Qf4 18. cxd5 Bxd5 19. Ne4 $14) 16... Nf3+ 17.
Nxf3 Qxb2 18. Qf7+ Kc8 19. Bb3 dxc4 {Diagrama #} 20. Rab1 $6 (20. Qxe6+ Kb7 21.
Bxc4 Bxc4 22. Qxc4 Qxb4 23. Qxb4 Bxb4 24. Nxg5 $11) 20... Qc3 $15 21. Qxe6+ Kb8
22. Ba4 $6 (22. Rbc1 Qxb4 23. Bxc4) 22... Bxf4 $17 23. Rfe1 (23. Kh1) 23... Bc8
(23... Bb7) 24. Qe4 (24. Qe7) 24... Qd3 (24... Bb7 25. Bc6 Bxc6 26. Qxc6 g4 27.
Qe4 gxf3 28. Qxf4 Rd8) 25. Qc6 (25. Bc6 Qxe4 26. Rxe4 Bb7 27. Bxb7 Kxb7) 25...
a5 $19 26. Rbd1 Qc3 27. Qe4 Bb7 28. Bc6 Bxc6 29. Qxc6 axb4 30. Re7 Rc8 31. g3
Ra3 32. Rf1 Rxa2 33. Rfe1 Qc2 34. R7e2 Be3+ 35. Kf1 Qd3 36. Ne5 Rf8+ 0-1

[Event "XXXVII Abierto Internacional "]
[Site "Sevilla (SPAIN)"]
[Date "2012.??.??"]
[Round "6"]
[White "Malakhatko, Vadim"]
[Black "Gonzalez Galvan, Juan Manuel"]
[Result "1-0"]
[WhiteElo "2524"]
[BlackElo "2214"]
[Annotator "Montecatine,R"]
[PlyCount "51"]
[EventDate "2012.01.07"]
[SourceDate "2012.01.07"]

1. c4 e5 2. Nc3 Nf6 3. e3 Nc6 4. a3 Be7 5. Qc2 O-O 6. Bd3 d6 7. b4 Be6 8. Bb2
h6 9. Nge2 Nd7 (9... d5 $5) 10. Nd5 f5 11. Nec3 e4 12. Be2 Nce5 13. Nb5 $11 {
Diagrama #} c6 $2 (13... Bf7) 14. Nd4 $16 (14. Nf4 Nd3+ (14... Bf7 15. Nd4 $16)
15. Bxd3 Bf7 16. Nd4 exd3 17. Qxd3 Ne5 18. Qc2 Qd7 $16) 14... Bf7 (14... Bxd5
15. cxd5 cxd5 16. Ne6 Qc8 17. Qb3 $16) 15. Nxe7+ Qxe7 16. Nxf5 Qf6 17. Ng3 (17.
Qxe4 d5 (17... Bg6 18. g4) 18. Qc2 Be6 19. g4 g6 20. Nxh6+ Kh7 21. O-O Kxh6 22.
f4 $16) 17... d5 18. O-O Bg6 (18... Qh4 $5 19. cxd5 Bxd5 (19... cxd5 20. Qc7
$18) 20. Qc3 $16 (20. d3 Nf3+ 21. gxf3 exf3 22. e4 fxe2 23. Qxe2 Be6 24. Qh5
$14)) 19. cxd5 $18 Qh4 20. dxc6 bxc6 21. Qc3 Rf6 22. Qd4 Rd8 23. d3 Re6 24.
dxe4 Nb6 25. Qc3 Bf7 26. a4 1-0